| 000 | 01257nam a22003017a 4500 | ||
|---|---|---|---|
| 005 | 20240530110432.0 | ||
| 008 | 150226s2010 ua g b 000 0 ara d | ||
| 017 |
_a2010/11700 _bمصر . دار الكتب المصرية |
||
| 020 | _a9789773500157 | ||
| 040 | _aEG-CaGPL | ||
| 041 | 0 | _aara | |
| 082 | 0 | 4 |
_221 _a327.16\ _bم أ |
| 100 | 0 | _aمحمد حسن | |
| 245 | 1 | 2 |
_aالازمات و النزاعات فى السياسة الدولية : _bالطموحات الايرانية فى الشرق الاوسط/ _cاعداد محمد حسن |
| 250 | _aط1 | ||
| 260 |
_aالقاهرة : _bدار الكتاب الحديث ، _c2010 |
||
| 300 |
_a240 ص ؛ _c24 سم |
||
| 504 | _aيشتمل على ارجاعات ببليوجرافية | ||
| 600 | 0 |
_aابن سعود _zالبحرين |
|
| 650 | 0 | 4 | _aالعلاقات الخارجية |
| 650 | 0 | 4 | _aالحرب العراقية الايرانية |
| 650 | 0 | 4 | _aالحدود السياسية |
| 650 | 0 | 4 | _aالطموحات الايرانية فى الشرق الاوسط |
| 651 | 0 | 4 |
_aايران _xالعلاقات الخارجية _zالبحربن |
| 651 | 0 | 4 |
_aالبحرين _xالعلاقات الخارجية _zايران |
| 942 |
_2ddc _cBK |
||
| 999 |
_c60866 _d60866 |
||